Statistiques concernant Harry Potter: la Carte du Maraudeur

Cliquez ici pour prendre le quiz!

Statistiques générales

  • Ce quiz a été pris 488 fois
  • Le résultat moyen est 15 sur 22

Statistiques - réponses

InformationRéponse% Correct
4e proprietaireHarry Potter
96%
Créateur 4James Potter
96%
Createur 1Remus Lupin
95%
Créateur 3Sirius Black
94%
Créateur 2Peter Pettigrow
93%
3e proprietaireFred et George Weasley
89%
Première apparitionHarry Potter et le prisonnier d'Azkaban
89%
Surnom C3Patmol
89%
Surnom C4Cornedrue
85%
Derniere apparitionHarry Potter et les Reliques de la Mort
85%
Salle qui n'y figure pasSalle sur demande
85%
Surnom C1Lunard
84%
Surnom C2Queudver
79%
Phrase à prononcer pour l'ouvrirJe jure solennellement que mes intentions sont mauvaises
75%
Phrase à prononcer pour la fermerMéfait accompli
74%
2e proprietairesArgus Rusard
66%
1ers proprietairesMaraudeurs
49%
6e proprietaireJames Sirius Potter
42%
Salle qui n'y figure pasChambre des secrets
41%
UtilisationMontre la position des personnes présentes à Poudlard
12%
5e proprietaireBarty Croupton Jr
8%
Date de créationEntre 1975 et 1978
4%

Distribution des résultats

Percentile par nombre de réponses

% des personnes avec chaque résultat

Votre développement - résultats

Vous n’avez pas pris ce quiz